« Retourner aux résultats de recherche
Violences sexuelles (Les)
prévenir, détecter, accompagner
| Auteur principal: | Patrick Loiseleur |
|---|---|
| Support: | Livres |
| Langue: | Francais |
| Publié: |
2022 Hatier Paris |
| Genre: |
Documentaire |
| Collection: |
10 clés |
| Sujets: | |
| Étiquettes: |
Ajouter
Pas de Tags !
|
| LEADER | 00920nam0a2200205 450 | ||
|---|---|---|---|
| 001 | 16847983 | ||
| 010 | |a 978-2-401-08364-6 |b br. |d 4,95 | ||
| 100 | |a 20211117d2022 u u0frey01 ba | ||
| 101 | 0 | |a fre | |
| 102 | |a FR | ||
| 200 | 0 | |a Violences sexuelles (Les) |e prévenir, détecter, accompagner |f Patrick Loiseleur | |
| 207 | 1 | |a | |
| 210 | |a Paris |b 8 rue d'Assas. |c Hatier |d 2022 | ||
| 215 | |a 1 vol. (78 p.) |c illustrations en couleur |d 17 x 11 cm | ||
| 225 | 1 | |a 10 clés | |
| 330 | |a En dix clés, des éclairages sur les violences sexuelles pour découvrir comment les repérer, avec des conseils et des outils pour aider l'enfant à se protéger, à se défendre et lui faire adopter les bons réflexes. Electre 2023 | ||
| 700 | 0 | |a Loiseleur |b Patrick |4 70 | |
| 900 | |a Documentaire | ||
| 901 | |a Accessible au prêt | ||
| 995 | |a Bibliothèque |c Bibliothèque |f 00156012861779 |h 00156012861779 |k 364.15 LOI |o p |q a |r az |e Bibliothèque | ||
